000 00652nam a2200193 a 4500
001 51766
005 20180714041339.0
008 140415s2000 mx 000 0 spa d
020 _a9688604291
041 _aspa
082 _a658.408
_bLAR
100 1 _aLARA, MARIA LUISA
245 1 0 _aFILANTROPIA EMPRESARIAL :
_bCONVICCION Y ESTRATEGIA
250 _a1a ed.
260 _aMEXICO :
_bPAX MEXICO,
_c2000
300 _a365
_c16 x 1 x 22.9
520 _aLA AUTORA PERMITE PLANEAR DE MANERA EFECTIVA LAS ACCIONES FILANTRÓPICAS DE LAS EMPRESAS.
650 1 4 _aCOMUNICACION ORGANIZACIONAL
_xESTRATEGIA MERCADOTECNIA
_xRELACIONES PUBLICAS
999 _c51766
_d51766